Normal view
MARC view
Entry Uniform Title
001 - CONTROL NUMBER
- control field: 22853
003 - CONTROL NUMBER IDENTIFIER
- control field: dpl
005 - DATE AND TIME OF LATEST TRANSACTION
- control field: 20101005143815.0
008 - FIXED-LENGTH DATA ELEMENTS
- fixed length control field: 101005|||a|||||| | ||| d
040 ## - CATALOGING SOURCE
- Original cataloging agency: dpl
- Transcribing agency: dpl
130 ## - HEADING--UNIFORM TITLE
- Uniform title: The legendary past
670 ## - SOURCE DATA FOUND
- Source citation: Work cat.: (dpl)47983: Curtis, Vesta Sarkhosh. 22402, Persian myths /, 2010
670 ## - SOURCE DATA FOUND
- Source citation: Work cat.: (dpl)47983: Curtis, Vesta Sarkhosh. 22402, Persian myths /, 2010
